| 000 | 01446nam0a22003731 4500 | ||
|---|---|---|---|
| 001 | v19\rc\1805431 | ||
| 005 | 20251118180035.7 | ||
| 035 | _a(NLR Aleph) 004938094 | ||
| 090 |
_a5751362 _c5751362 |
||
| 100 | _a20071224d1906 u y0rusy50 ca | ||
| 101 | 0 | _arus | |
| 102 | _aRU | ||
| 105 | _ay z ||||| | ||
| 200 | 1 |
_aО пролетарской этике _e(Пролетар. творчество с точки зрения реалистич. философии) _fN.N. _gС предисл. и под ред. прив.-доц. Н.А. Рожкова |
|
| 210 |
_aМосква _c"Колокол" Е.Д. Мягкого _d1906 |
||
| 215 |
_a63 с. _d19 |
||
| 225 | 1 |
_aПервая библиотека _v№ 46 |
|
| 300 | _aАвт. установлен по изд.: Масанов И.Ф. Словарь псевдонимов... М., 1958. Т. 3. С. 323 | ||
| 700 | 1 |
_6z01790 _aКошкарев _bН.Н. _gНиколай Николаевич |
|
| 702 | 1 |
_aРожков _bН.А. _f1868-1927 _gНиколай Александрович _4340 _4080 |
|
| 790 | 0 |
_6z01700 _aN.N. |
|
| 801 | 0 |
_aRU _bNLR _gpsbo |
|
| 801 | 0 |
_aRU _bRuMoRGB _2psbo |
|
| 801 | 1 |
_aRU _bProSoft-M _2rusmarc |
|
| 852 |
_aNLR _j34.50.6.1226 |
||
| 852 |
_aNLR _j34.83.4.1339 |
||
| 852 |
_aNLR _j90/602 |
||
| 899 |
_aRuMoRGB _jV 239/121 |
||
| 899 |
_aRuMoRGB _jJ 73/248 |
||
| 899 |
_aRuMoRGB _jРб 15/1010 |
||
| 899 | _aБАН | ||
| 899 | _aНБ МГУ | ||
| 942 | _cBOOK | ||
| 980 | _aNB | ||